| 000 | 00435nam a2200157Ia 4500 | ||
|---|---|---|---|
| 020 | _a0792364198 | ||
| 082 |
_a575.155:57.089.3 _bSOM.6 |
||
| 100 | _aJain, S Mohan | ||
| 245 | 0 | _aSomatic embryogenesis in woody plants V.6 | |
| 260 |
_aLondon _bKluwer Academic Publishers _c2000 |
||
| 490 | _aForestry sciences V.67 | ||
| 650 | _aCryopreservation | ||
| 650 | _aHevea cryopreservation | ||
| 650 | _aSomatic embryogenesis | ||
| 942 | _cBK | ||
| 999 |
_c41967 _d41967 |
||